00506nam a2200181 i 450000100060000000300090000600500170001500700030003200800410003510000330007624500420010925000130015126000380016430000200020250000430022265000310026585200280029656927ES-MaACL20230906163458.0t|031014s1909 fr ||||1| fre d1 aDiehl, Charles (d1859-1914)10aFigures byzantines / cCharles Diehl. a4eme ed. aParís : bPaul Brodard, c1909. a2 v. ; c19 cm. aEl V. II pertenece a la 2ª ed., 1908. 4aBizantinos-xBiografías. aES-MaACLjG-15298-15299